000 00591nam a22001577a 4500
999 _c534205
_d534205
020 _qHard Cover.
082 _a620.11
100 _aUllah, Sharif
245 _aSynthesis and Characterization of MgO Nanoparticles by Modified Sonochmeical Methods and their Catalytic Studies against Organphosphates and Peaticides
_cSharif Ullah.
260 _aIslamabad :
_bSCME - NUST,
_c2013.
300 _c30cm.
942 _2ddc
_cTHE
650 _aEngergetic Material Engineering. MS-Thesis.
_928353
700 _aProf. Dr. Habib Nasir.
_917012